Robert Graves, poems about love/ (Record no. 51171)

MARC details
000 -LEADER
fixed length control field 01004nam a2200361 a 4500
001 - CONTROL NUMBER
control field vtls000046896
003 - CONTROL NUMBER IDENTIFIER
control field NLI
005 - DATE AND TIME OF LATEST TRANSACTION
control field 20210601185435.0
008 - FIXED-LENGTH DATA ELEMENTS--GENERAL INFORMATION
fixed length control field 101125s1969 enk 001 p eng
020 ## - INTERNATIONAL STANDARD BOOK NUMBER
International Standard Book Number 304934941
Terms of availability $ 1.75
039 #9 - LEVEL OF BIBLIOGRAPHIC CONTROL AND CODING DETAIL [OBSOLETE]
-- 201011250431
-- VLOAD
040 0# - CATALOGING SOURCE
Original cataloging agency NLI
Language of cataloging eng
Transcribing agency VERGIS-2003
041 0# - LANGUAGE CODE
Language code of text/sound track or separate title eng
044 ## - COUNTRY OF PUBLISHING/PRODUCING ENTITY CODE
MARC country code enk
082 04 - DEWEY DECIMAL CLASSIFICATION NUMBER
Classification number 821.91
100 1# - MAIN ENTRY--PERSONAL NAME
Personal name Graves, Robert
9 (RLIN) 98642
245 10 - TITLE STATEMENT
Title Robert Graves, poems about love/
Statement of responsibility, etc. Robert Graves
260 ## - PUBLICATION, DISTRIBUTION, ETC.
Place of publication, distribution, etc. London:
Name of publisher, distributor, etc. Cassell,
Date of publication, distribution, etc. 1969
300 ## - PHYSICAL DESCRIPTION
Extent 189 p.;
Dimensions 22 cm.
500 ## - GENERAL NOTE
General note Includes index
650 #0 - SUBJECT ADDED ENTRY--TOPICAL TERM
Topical term or geographic name entry element English poetry
Chronological subdivision 20th century
9 (RLIN) 117738
650 #0 - SUBJECT ADDED ENTRY--TOPICAL TERM
Topical term or geographic name entry element Love poetry, English
887 ## - NON-MARC INFORMATION FIELD
Content of non-MARC field Nirmala
901 ## - LOCAL DATA ELEMENT A, LDA (RLIN)
a 396310
b 21/03/1970
902 ## - LOCAL DATA ELEMENT B, LDB (RLIN)
a E 821.91 G 787 l
903 ## - LOCAL DATA ELEMENT C, LDC (RLIN)
a 29/05/2004
904 ## - LOCAL DATA ELEMENT D, LDD (RLIN)
a Nirmala
906 ## - LOCAL DATA ELEMENT F, LDF (RLIN)
a 048810
949 ## - LOCAL PROCESSING INFORMATION (OCLC)
-- VIRTUAITEM
-- 10000
-- 1
-- 100
6 PUR000396310ENG
a E 821.91 G787l
942 ## - ADDED ENTRY ELEMENTS (KOHA)
Source of classification or shelving scheme Dewey Decimal Classification
Koha item type Books
Holdings
Withdrawn status Lost status Damaged status Not for loan Collection code Home library Current library Shelving location Date acquired Total Checkouts Full call number Barcode Date last seen Price effective from Koha item type
        New English National Library of India National Library of India New English - Main Stack Division     E 821.91 G 787 l PUR000396310ENG 01/06/2021 01/06/2021 Books
                                                                           
web counter

Copyright ©2020 The National Library of India, Govt. of India ↔ Hosted by NVLI, MOC ↔ Technology and Design by National Library of India, Ministry of Culture, Govt. of India